000 01626naa a22003377a 4500
001 BR8801290
003 BR-BrBNA
005 20250721154556.0
007 ta
008 250630b bl.|||m| |||| 00| 0 por d
040 _aBR-BrBNA
_bpor
_cBiblioteca Nacional de Agricultura
041 _a(Pt)
072 _aL01; L10
_b5240
090 _aL01 BR8801290
100 1 _aSilva, F.L.
100 1 _aLima, F.A.
100 1 _aShelton, J.M.
111 1 _a1. Reuniao Tecnico-Cientifica do Programa de Apoio a Pesquisa Colaborativa de Pequenos Ruminantes
_cSobral, CE (Brazil)
_d14-18 Abr 1986
245 1 _aDesempenho produtivo e reprodutivo da raca somalis
246 1 _a[Productive and reproductive performance of somalis sheep]
246 1 _a[Goats and ovines at northeast of Brazil. Annals of 1. Technical Scientific Reunion of the Research Program on Goats and Sheeps]
500 _aCaprinos e Ovinos no Nordeste do Brasil: Anais da 1. Reuniao Tecnico-Cientifica do Programa de Apoio a Pesquisa Colaborativa de Pequenos Ruminantes Sobral, CE (Brasil): 1986. p. 347-353 [5 tables; ll ref.; Summaries (En, Pt)] (BR8801290-AMS)
773 0 _tCaprinos e Ovinos no Nordeste do Brasil: Anais da 1. Reuniao Tecnico-Cientifica do Programa de Apoio a Pesquisa Colaborativa de Pequenos Ruminantes
_wL01 BR8801290
_gSobral, CE (Brasil), 1986. p. 347-353
650 _aOVINO
650 _aMELHORAMENTO GENETICO ANIMAL
650 _aPRODUCAO ANIMAL
650 _aREPRODUCAO
490 _aDocumentos - Centro Nacional de pesquisa de Caprinos (Brazil)
_vno. 6
942 _cAMS
_2AGRIS
909 _a202506
_bLúcia
_c55
_dLúcia Elande
999 _c335759
_d335759